=LDR 00000nam 2200000 4500 =001 001077 =005 20250713093003 =035 ##$$a 0010-0725000958 =007 ta =008 250713################a##########0#ind## =020 ##$$a 978-623-118-792-5 =082 ##$$a 398.209 598 =084 ##$$a 398.209 598 YUL a =100 #$$a Yulina trihaningsih =245 1#$$a Annie pergi ke luar negeri /$c Yulina trihaningsih =250 ##$$a Cetakan kedua =260 ##$$a Rawamangun :$b Badan pengembang dan pembinaan bahasa,$c 2023 =300 ##$$a 36hlm. : $b Ilus. ; $c 29.7x21cm =650 #4$$a Cerita anak-indonesia